|
|
|
|
| LEADER |
00000nam a2200000 i 4500 |
| 001 |
ELB127752 |
| 003 |
FINmELB |
| 005 |
211118083030.5 |
| 006 |
m o d | |
| 007 |
cr cnu|||||||| |
| 008 |
210921s2008 ck ob 001 0 spa d |
| 020 |
|
|
|a 9789587619089
|q (e-book)
|
| 035 |
|
|
|a (OCoLC)1285724606
|
| 040 |
|
|
|a FINmELB
|b spa
|e rda
|c FINmELB
|
| 050 |
|
4 |
|a QC527.2
|b A6812 2008
|
| 080 |
|
|
|a 537
|
| 082 |
0 |
4 |
|a 537
|2 23
|
| 100 |
1 |
|
|a Arenas Sicard, Germán,
|e autor.
|
| 245 |
1 |
0 |
|a Electricidad y magnetismo /
|c Germán Arenas Sicard.
|
| 264 |
|
1 |
|a Bogotá, Colombia :
|b Editorial Universidad Nacional de Colombia,
|c 2008.
|
| 300 |
|
|
|a 1 recurso en línea (344 páginas)
|
| 336 |
|
|
|a texto
|b txt
|2 rdacontent/spa
|
| 337 |
|
|
|a computadora
|b c
|2 rdamedia/spa
|
| 338 |
|
|
|a recurso en línea
|b cr
|2 rdacarrier/spa
|
| 500 |
|
|
|a Índice.
|
| 504 |
|
|
|a Incluye bibliografía.
|
| 588 |
|
|
|a Descripción basada en metadatos suministrados por el editor y otras fuentes.
|
| 590 |
|
|
|a Recurso electrónico. Santa Fe, Arg.: elibro, 2021. Disponible vía World Wide Web. El acceso puede estar limitado para las bibliotecas afiliadas a elibro.
|
| 650 |
|
4 |
|a Electricity
|x magnetism.
|
| 650 |
|
4 |
|a Electromagnetismo.
|
| 655 |
|
4 |
|a Libros electrónicos.
|
| 797 |
2 |
|
|a elibro, Corp.
|
| 856 |
4 |
0 |
|u https://elibro.uam.elogim.com/ereader/bidiuam/127752
|z Texto completo
|
| 950 |
|
|
|a eLibro Cátedra
|
| 950 |
|
|
|a eLibro Ciencias Exactas y Naturales
|
| 950 |
|
|
|a eLibro Cátedra España
|